000 01065cam a22003257a 4500
003 CHAP
005 20220329141926.0
008 980623d1974 es r 00110 spa d
010 _a75805
011 _a76777
020 _a8430907165
035 _a86366
040 _cCHAP
082 0 4 _a332.67
_bG5
100 0 0 _aGittinger, J. Price.
_948217
245 1 0 _aTablas de interés compuesto y descuento :
_bpara evaluación de proyectos
_c/por J. Price Gittinger
260 _aMadrid :
_bTecnos,
_c1974.
300 _a146 p.
590 _aBATCH-UPD
_b10
_c20130110
_lUCH01
_h1257
590 _aBATCH-UPD
_b10
_c20130410
_lUCH01
_h0816
590 _aBATCH-UPD
_b10
_c20130914
_lUCH01
_h1652
590 _aCONVERSION
_b10
_c20130109
_lUCH01
_h1341
650 1 4 _aInterés y usura.
_960146
650 1 4 _aProyectos
_xEvaluación.
_992525
901 _aBK
905 _aLilia Sánchez G.
942 _cLIBRO
949 _a332.67 G5
_bBC
_cLIBRO
_d33724000692240
_eLIBRO
_h92589
_i86366
_si
949 _a332.67 G5
_bBC
_cLIBRO
_d33724000840815
_eLIBRO
_fc.2
_gDonaciØn
_h101043
_i86366
_sb
999 _c75805
_d75805